Somebody the Something Quiz Stats

 Plays Quiz Updated Sep 2, 2014

Challenge
Share
Tweet
Embed
Score 0/32 Timer 08:00
7 Plays Today
Description Person or Character % Correct
Santa's reindeer with the bright proboscisRudolph the Red Nosed Reindeer
87.5%
Sarah Michelle Gellar played this TV heroine who hunted forces of darkness.Buffy the Vampire Slayer
86.2%
Cartoon spinach-eating seafarer hero; loves Olive OylPopeye the Sailor
85.7%
Sega's spiky blue video game character; also seen in comics, cartoons, & filmSonic the Hedgehog
81.7%
Christopher Robin's bear friend from the Hundred Acre WoodWinnie the Pooh
81.6%
Unidentified serial killer of 1880's LondonJack the Ripper
79.8%
Children's animated television character who specializes in construction and home repairsBob the Builder
79.1%
Cranky green muppet who lives on Sesame StreetOscar the Grouch
78.5%
Star of a winter/holiday song who came to life when a hat was placed on his headFrosty the Snowman
77.8%
Macedonian king, conqueror & empire builder from 336-323 BCAlexander the Great
77.4%
In 1963, Peter, Paul & Mary sang about this mythical creature 'who lived by the sea'.Puff, the Magic Dragon
75.6%
Children's 'giant' canine book characterClifford the Big Red Dog
69.8%
Alias of outlaw William H. BonneyBilly the Kid
66.9%
In 1547 this not so pleasant prince crowned himself Russia's 1st czarIvan the Terrible
60.6%
Prophet and cousin of Jesus; preached repentenceJohn the Baptist
59.9%
Sword wielding warrior hero of books, comics, & films; Arnold Schwarzenegger played him on filmConan the Barbarian
58.3%
Description Person or Character % Correct
Very large pro wrestler turned actor; played Fezzik in The Princess BrideAndre' the Giant
57.7%
Jay North starred as this mischievous little boy in this 1959-63 sitcom; or comic owner of GnasherDennis the Menace
57.3%
Leader of the Hunnic Empire from 434-453; invader of much of EuropeAttila the Hun
57%
Stand-up comedian; starred on Blue Collar TV with Jeff Foxworthy & Bill EngvallLarry the Cable Guy
56.9%
Mechanical engineer; educator; star of children's science showBill Nye the Science Guy
54.5%
'Colorful' Nordic explorer; founded the first Nordic settlement in GreenlandErik the Red
53%
Comedian (one of the 'Original Kings of Comedy'); was in 'Barbershop' filmCedric the Entertainer
47.9%
Prince of Wallachia 1431-1476; surname was Dracula; known for the cruel punishments he imposed on his enemiesVlad the Impaler
46.5%
Norman invader of England in 1066; King of England from 1066-1087William the Conqueror
45.2%
Black & white cartoon cat with a magic 'Bag of Tricks'Felix the Cat
41.5%
Title Viking character in Dik & Chris Browne's comic stripHagar the Horrible
41.5%
King of England 1189-1199; known as a great military leader; his prowess & courage in battle earned him his monikerRichard the Lionheart
41.4%
Wizard of Oz's kind magical woman (film version); helped DorothyGlinda the Good Witch
38.8%
Animated pink canine who lives on a farm with elderly couple Muriel & Eustace; protects them from monsters & aliensCourage the Cowardly Dog
30%
King of the Scots 1306-1329; led Scotland during the Wars of Scottish Independence against the Kingdom of EnglandRobert the Bruce
21.3%
Naturalist; Commander of the early Roman Empire; died while saving people after Mt. Vesuvius' eruptionPliny the Elder
12.9%

You're not logged in!

Compare scores with friends on all Sporcle quizzes.
Join for Free
OR
Log In

You Might Also Like...

Show Comments

Extras

Top Quizzes Today


Score Distribution

Your Account Isn't Verified!

In order to create a playlist on Sporcle, you need to verify the email address you used during registration. Go to your Sporcle Settings to finish the process.

Report this User

Report this user for behavior that violates our Community Guidelines.

Details: